Los espacios poéticos en: Poemas para arrepentidos y Hojas furtivas, de Julieta Dobles Yzaguirre

保存先:
書誌詳細
第一著者: Madriz Flores, Kathy
フォーマット: 図書
言語:Undetermined
出版事項: San José, Costa Rica Universidad de Costa Rica, Sistema de Estudios de Posgrado en Literatura 2008
主題:
タグ: タグ追加
タグなし, このレコードへの初めてのタグを付けませんか!

MARC

LEADER 00000nam a2200000Ia 4500
008 170316s9999 xx 000 0 und d
999 |c 30847  |d 30847 
040 |a cru BVZT 
090 |a TESIS 854 
100 |a Madriz Flores, Kathy 
245 |a Los espacios poéticos en: Poemas para arrepentidos y Hojas furtivas, de Julieta Dobles Yzaguirre 
260 |a San José, Costa Rica  |b Universidad de Costa Rica, Sistema de Estudios de Posgrado en Literatura  |c 2008 
300 |a 171 páginas 
650 |a DOCTORADO EN FILOSOFÍA 
650 |a TRABAJO FINAL DE GRADUACIÓN  |9 237 
650 |a REFLEXIÓN-CONCEPTO 
650 |a TEORÍA CRÍTICA-SOCIEDAD 
942 |c TFG  |h TESIS 854  |2 z